00483nam a2200157Ia 4500008004100000082001400041100001500055245003200070250000800102260002600110300001000136650001200146942001200158952014200170999001300312150201s2006 xx 000 0 und d a617bG06K aKIRK, R.M. aGERNRAL SURGICAL OPERATIONS a5TH bCHURCHILaDELHIc2006 a1-722 aSURGERY 2ddccBK 00102ddc40718MEDICALaFMbFMcREFd2010-02-12eU.B.S. DELHIg34.99hIiSGTUl0o617 G06KpFM2050r2020-11-16 00:00:00w2011-03-28yBK c390d390